| 000 | 00715nam a22001817a 4500 | ||
|---|---|---|---|
| 008 | 240902b ||||| |||| 00| 0 spa d | ||
| 020 | _a978-987-3779-47-3 | ||
| 082 | 1 | 4 |
_214 _a363.5 |
| 100 | 1 |
_920610 _aToscani, María de la Paz |
|
| 245 | 1 | 4 |
_aLos hoteles pensión en la Ciudad de Buenos Aires : _bprecariedad hanitacional, desalojos y procesos organizativos en el barrio Constitución. / _cMaría de la Paz Toscani. |
| 260 |
_aBuenos Aires : _bBisman Ediciones, _c2021. |
||
| 300 | _a263 p. | ||
| 650 | 0 |
_2unescot _96482 _aHABITAT |
|
| 650 | 0 |
_96294 _aVIVIENDA SOCIAL |
|
| 651 | 0 |
_91330 _aCIUDAD AUTONOMA DE BUENOS AIRES (Argentina) |
|
| 942 |
_2ddc _cLIBRO |
||
| 980 |
_62 _aVirginia Figueroa _82 _gVirginia Figueroa |
||
| 999 |
_c10367 _d10367 |
||